Intereses e imputación del pago realizado por la aseguradora de riesgos del trabajo en sede extrajudicial / (Registro nro. 5941)
[ vista simple ]
| 000 -LEADER | |
|---|---|
| fixed length control field | 01297nab a22002537a 4500 |
| 003 - CONTROL NUMBER IDENTIFIER | |
| control field | OSt |
| 005 - DATE AND TIME OF LATEST TRANSACTION | |
| control field | 20260114014132.0 |
| 008 - FIXED-LENGTH DATA ELEMENTS--GENERAL INFORMATION | |
| fixed length control field | 190605e xxu||||| |||| 00| 0 spa d |
| 040 ## - CATALOGING SOURCE | |
| Transcribing agency | PJ |
| 100 ## - MAIN ENTRY--PERSONAL NAME | |
| 9 (RLIN) | 6791 |
| Personal name | Arballo, Rocío |
| 245 10 - TITLE STATEMENT | |
| Title | Intereses e imputación del pago realizado por la aseguradora de riesgos del trabajo en sede extrajudicial / |
| Statement of responsibility, etc | Rocío Arballo, Andrés O. Hadad. |
| 260 ## - PUBLICATION, DISTRIBUTION, ETC. (IMPRINT) | |
| Place of publication, distribution, etc | Ciudad Autónoma de Buenos Aires : |
| Name of publisher, distributor, etc | Thomson Reuters La Ley, |
| Date of publication, distribution, etc | 2024. |
| 300 ## - PHYSICAL DESCRIPTION | |
| Extent | p. 201-211 |
| 500 ## - GENERAL NOTE | |
| General note | Cita: TR LALEY AR/DOC/245/2024.<br/><br/> |
| 505 ## - FORMATTED CONTENTS NOTE | |
| Formatted contents note | Sumario: I. Introducción.— II. La tasa de interés.— III. La imputación del pago en sede extrajudicial.— IV. Un fallo de la Corte Suprema de Justicia de Santa Fe que aporta luz en la materia.— V. Algunas consideraciones.— VI. Actualidad que se repite. |
| 505 ## - FORMATTED CONTENTS NOTE | |
| Title | ¿Te interesa el texto completo? Solicitalo al correo: koha@justierradelfuego.gov.ar |
| 650 #0 - SUBJECT ADDED ENTRY--TOPICAL TERM | |
| 9 (RLIN) | 1316 |
| Topical term or geographic name as entry element | DERECHO LABORAL |
| 650 #0 - SUBJECT ADDED ENTRY--TOPICAL TERM | |
| 9 (RLIN) | 1430 |
| Topical term or geographic name as entry element | RIESGOS DEL TRABAJO |
| 650 #0 - SUBJECT ADDED ENTRY--TOPICAL TERM | |
| 9 (RLIN) | 5144 |
| Topical term or geographic name as entry element | ASEGURADOR POR RIESGOS DEL TRABAJO |
| 650 #0 - SUBJECT ADDED ENTRY--TOPICAL TERM | |
| 9 (RLIN) | 533 |
| Topical term or geographic name as entry element | INTERESES |
| 700 ## - ADDED ENTRY--PERSONAL NAME | |
| 9 (RLIN) | 5004 |
| Personal name | Hadad, Andrés O. |
| 773 0# - HOST ITEM ENTRY | |
| Host Biblionumber | 2711 |
| Host Itemnumber | 3168 |
| Place, publisher, and date of publication | Ciudad Autónoma de Buenos Aires : Thomson Reuters La Ley, 1999-2002. |
| Title | Revista de derecho del trabajo. Nº 2 - Marzo 2024 |
| 942 ## - ADDED ENTRY ELEMENTS (KOHA) | |
| Source of classification or shelving scheme | |
| Koha item type | Analítica Artículo de Revista |
No hay ítems disponibles.
